Kluby piłkarskie Toskanii i Umbrii - nagła śmierć - Statystyki

Ogólne statystyki
  • Ten quiz został rozwiązany 10 razy
  • Średni wynik to 2 z 11
Answers on the Grid
Answers color-coded by a green-red scale on the quiz's grid according to % correct below.
US Pianese
Trapani Calcio
Ternana Calcio
ACF Fiorentina
Spezia Calcio
Benevento Calcio
Empoli FC
L'Aquila 1927
AC Perugia Calcio
Lucchese 1905
Delfino Pescara 1936
US Città di Pontedera
US Cremonese
AS Gubbio 1910
SS Arezzo
US Livorno 1915
US Pistoiese 1921
Carrarese Calcio 1908
Parma Calcio 1913
Pisa SC
 
Statystyki odpowiedzi
Odpowiedź % Poprawnych
Empoli FC
75%
ACF Fiorentina
50%
Pisa SC
50%
US Città di Pontedera
25%
AC Perugia Calcio
0%
AS Gubbio 1910
0%
Carrarese Calcio 1908
0%
Lucchese 1905
0%
SS Arezzo
0%
Ternana Calcio
0%
US Pianese
0%
Nie znaleziono quizów pasujących do podanych kryteriów
Rozkład punktacji
Procent ludzi z każdym wynikiem
Percentyl według liczby udzielonych odpowiedzi
Twoja historia wyników
Nie rozwiązałeś tego quizu